| 000 | 01072nam a2200337Ia 4500 | ||
|---|---|---|---|
| 001 | dia_7289 | ||
| 003 | CHAP | ||
| 005 | 20251027145822.0 | ||
| 008 | 220117s2000 xx 000 0 und d | ||
| 010 | _a178492 | ||
| 020 | _a84-7738-581-5 | ||
| 040 | _cCHAP | ||
| 082 | _a541.369 R63 2000 | ||
| 100 |
_aRodríguez Renuncio, Juan Antonio _9162930 |
||
| 245 |
_aTermodinámica química / _c Juan Antonio Rodriguez Renuncio, Juan José Ruíz Sánchez y José Santiago Urieta Navarro |
||
| 250 | _a2a ed. corr. | ||
| 260 |
_aEspaña : _b Sintesis, _c2000 |
||
| 300 | _a383 p. | ||
| 440 |
_aCiencias químicas. Química básica _9162931 |
||
| 503 | _aC. | ||
| 504 | _aIncluye bibliografías | ||
| 590 | _aQD504 R63 2000 | ||
| 650 |
_aTermodinámica _9112366 |
||
| 650 |
_aThermodynamics _9150835 |
||
| 700 |
_aRuíz Sánchez, Juan José, coaut. _9162932 |
||
| 700 |
_aUrieta Navarro, José, coaut. _9162933 |
||
| 901 | _a541.369 R63 2000 | ||
| 902 | _aA | ||
| 905 | _a5232272000 sp aimn8222223322spa16 | ||
| 942 |
_cLIBRO _2ddc |
||
| 999 |
_c178492 _d178492 |
||